000 00525nam a2200181Ia 4500
003 GCL
008 140319s9999 xx 000 0 ara d
040 _aGCL /
_cGCL
082 0 4 _aد
_b050
100 1 _aابراهيم فهيم
245 1 0 _aعش سليما بغير مرض ( اقرا 405 ) /
_cابراهيم فهيم
300 _a262 ص
490 _aوثائق ونصوص
_v0
650 0 4 _aالرعاية الصحية
650 0 4 _aالصحة العامة
650 0 4 _aالصحة الوقائية
942 _2ddc
_cCF
999 _c27268
_d27268